|
|
|
|
| LEADER |
01851nam a2200481 a 4500 |
| 001 |
nkc20081836914 |
| 003 |
CZ PrNK |
| 005 |
20191127122522.0 |
| 007 |
ta |
| 008 |
081224s2009 xr a g 6 000 0 cze |
| 015 |
|
|
|a cnb001836914
|
| 020 |
|
|
|a 978-80-7381-456-4
|q (váz.)
|
| 035 |
|
|
|a (OCoLC)320215176
|
| 040 |
|
|
|a OLA001
|b cze
|d ABA001
|
| 041 |
1 |
|
|a cze
|h fre
|
| 043 |
|
|
|a a-kn---
|
| 072 |
|
7 |
|a 913(5)
|x Geografie Asie, reálie, cestování
|2 Konspekt
|9 7
|
| 080 |
|
|
|a 316.728
|2 MRF
|
| 080 |
|
|
|a 316.323.72
|2 MRF
|
| 080 |
|
|
|a 913(519.3)
|2 MRF
|
| 080 |
|
|
|a (0:82-4)741.52
|2 MRF
|
| 100 |
1 |
|
|a Delisle, Guy,
|d 1966-
|7 xx0089254
|4 aut
|4 ill
|
| 245 |
1 |
0 |
|a Pchjongjang :
|b výlet do Severní Koreje /
|c Guy Delisle ; přeložila Kateřina Reinischová
|
| 246 |
3 |
0 |
|a Pchjongjang - výlet do Severní Koreje
|
| 250 |
|
|
|a 1. vyd. v českém jazyce
|
| 260 |
|
|
|a [Praha] :
|b BB/art,
|c 2009
|
| 300 |
|
|
|a 180 s. :
|b vše il. ;
|c 24 cm
|
| 500 |
|
|
|a Přeloženo z francouzštiny
|
| 650 |
0 |
7 |
|a každodenní život
|7 ph121555
|z Korejská lidově demokratická republika
|2 czenas
|
| 650 |
0 |
7 |
|a komunismus
|7 ph114959
|z Korejská lidově demokratická republika
|2 czenas
|
| 650 |
0 |
9 |
|a everyday life
|z Korea (North)
|2 eczenas
|
| 650 |
0 |
9 |
|a communism
|z Korea (North)
|2 eczenas
|
| 651 |
|
7 |
|a Pchjongjang (Korea)
|7 ge381750
|x reálie
|2 czenas
|
| 651 |
|
9 |
|a Pyongyang (Korea)
|x description and travel
|2 eczenas
|
| 655 |
|
7 |
|a reportážní komiksy
|7 fd1057468
|2 czenas
|
| 655 |
|
9 |
|a reportage comics
|2 eczenas
|
| 765 |
0 |
|
|t Pyongyang
|9 Česky
|
| 856 |
4 |
1 |
|u http://www.digitalniknihovna.cz/mzk/uuid/uuid:36f3e700-da5b-11e3-b110-005056827e51
|y Digitalizovaný dokument
|x NDK
|
| 910 |
2 |
|
|a BOA001
|b 2-1225.134
|
| 990 |
|
|
|a BK
|
| 995 |
|
|
|a 01
|
| 991 |
|
|
|b 200906
|
| 996 |
6 |
|
|b 2610381070
|c 2-1225.134
|l MZK
|r Sklad / do 1 hodiny
|n 11
|p p.v.
|w 000946814
|u 000010
|a 1
|e BOA001
|j MZK50
|s P
|